000 00618cam a22002411 4500
001 sa 65006581
003 DLC
005 20260227112143.0
008 850815s1964 ii l 000 0 eng
010 _asa 65006581
035 _a(OCoLC)24198159
040 _aDLC
_cViU
_dDLC
042 _apremarc
050 0 0 _aKNS1214
_b1964a
110 1 _aIndia.
240 1 0 _aLaws, etc.
245 1 4 _aThe industrial law,
_cby P.L. Malik.
250 _a[7th ed.]
260 _aLucknow,
_bEastern Book
_c[1964]
300 _aviii, 915 p. ;
_c25 cm.
650 0 _aLabor laws and legislation
_zIndia.
700 1 _aMalik, P. L.
999 _c64730
_d64730